[Event "GER OS-359 email"]
[Site "GER email"]
[Date "2018.11.09"]
[Round "?"]
[White "Guenther, Rainer"]
[Black "Harf, Heinz"]
[Result "0-1"]
[WhiteElo "1364"]
[BlackElo "1957"]
[PlyCount "52"]
[EventDate "2018.11.18"]
[EventType "tourn (corr)"]
[EventRounds "6"]
[EventCountry "GER"]
[SourceTitle "Corr 2022"]
[Source "ChessBase"]
[SourceDate "2021.10.24"]
[SourceVersion "1"]
[SourceVersionDate "2021.10.24"]
[SourceQuality "1"]

1. e4 c5 2. Nf3 d6 3. d4 cxd4 4. Nxd4 Nf6 5. Nc3 a6 6. Bg5 e6 7. a4 Be7 8. Bc4 0-0 9. 0-0 Nc6 10. Nf3 Qc7 11. h3 h6 12. Be3 b6 13. Qe2 Bb7 14. Nd2 Nb4 15. Bb3 d5 16. Bd4 e5 17. Be3 d4 18. Bxh6 gxh6 19. Nd5 Nbxd5 20. exd5 Nxd5 21. Qg4+ Kh8 22. Ne4 Nf4 23. Ng3 Bxg2 24. Nf5 Rg8 25. Qd1 Qc6 26. Ng3 Bh1 0-1

[Event "GER OS-359 email"]
[Site "GER email"]
[Date "2018.11.09"]
[Round "?"]
[White "Harf, Heinz"]
[Black "Jakobi, Wilfried"]
[Result "1-0"]
[WhiteElo "1957"]
[BlackElo "1439"]
[PlyCount "53"]
[EventDate "2018.11.18"]
[EventType "tourn (corr)"]
[EventRounds "6"]
[EventCountry "GER"]
[SourceTitle "Corr 2022"]
[Source "ChessBase"]
[SourceDate "2021.10.24"]
[SourceVersion "1"]
[SourceVersionDate "2021.10.24"]
[SourceQuality "1"]

1. d4 d5 2. c4 dxc4 3. Nf3 e6 4. e3 Be7 5. Bxc4 Nf6 6. 0-0 0-0 7. Nc3 a6 8. Bd3 g6 9. e4 Re8 10. Bg5 Kg7 11. Rc1 Nc6 12. Bb1 Bd7 13. Qd2 Ng8 14. Bf4 f6 15. e5 f5 16. h4 h5 17. a3 Rf8 18. Ba2 Bxh4 19. Rfe1 Be7 20. d5 exd5 21. e6 Be8 22. Nxd5 Bd6 23. e7 Ncxe7 24. Bh6+ Nxh6 25. Qc3+ Kh7 26. Ng5+ Kg8 27. Nxe7# 1-0

[Event "GER-Cup25 E/V02 email"]
[Site "GER email"]
[Date "2015.03.07"]
[Round "?"]
[White "Hoehne, Ernst"]
[Black "Harf, Heinz"]
[Result "1-0"]
[WhiteElo "2022"]
[BlackElo "1982"]
[PlyCount "53"]
[EventDate "2015.03.18"]
[EventType "tourn (corr)"]
[EventRounds "4"]
[EventCountry "GER"]
[SourceTitle "Corr 2020"]
[Source "ChessBase"]
[SourceDate "2019.09.30"]
[SourceVersion "1"]
[SourceVersionDate "2019.09.30"]
[SourceQuality "1"]

1. e4 e5 2. Nf3 Nc6 3. Bb5 Nf6 4. 0-0 Nxe4 5. d4 Be7 6. Qe2 Nd6 7. Bxc6 dxc6 8. dxe5 Nf5 9. Rd1 Bd7 10. Nc3 0-0 11. Bf4 Qe8 12. Rd3 Be6 13. g4 Nh4 14. Nxh4 Bxh4 15. g5 Bf5 16. Rd4 f6 17. gxf6 gxf6 18. e6 Bxe6 19. Be3 Bg5 20. Bxg5 fxg5 21. Re4 Rf6 22. Re1 Kf7 23. Re5 Qe7 24. Qd3 Rg6 25. Ne2 Qd6 26. Nd4 Bd7 27. Qb3+ 1-0

[Event "GER Liga Q Server-25 email"]
[Site "GER email"]
[Date "2014.03.12"]
[Round "?"]
[White "Goepfert, Christian"]
[Black "Harf, Heinz"]
[Result "0-1"]
[WhiteElo "1246"]
[BlackElo "1982"]
[PlyCount "26"]
[EventDate "2014.03.17"]
[EventType "tourn (corr)"]
[EventRounds "6"]
[EventCountry "GER"]
[SourceTitle "Corr 2020"]
[Source "ChessBase"]
[SourceDate "2019.09.30"]
[SourceVersion "1"]
[SourceVersionDate "2019.09.30"]
[SourceQuality "1"]

1. d4 d5 2. c4 e6 3. Nc3 Nf6 4. Bg5 Be7 5. Bxf6 Bxf6 6. Nf3 0-0 7. e3 b6 8. Be2 Bb7 9. 0-0 Nc6 10. a3 dxc4 11. Bxc4 Ne7 12. b4 c6 13. Ne4 Nd5 0-1

[Event "GER-Cup20 E/V02 email"]
[Site "GER email"]
[Date "2013.12.04"]
[Round "?"]
[White "Krauss, Heiko"]
[Black "Harf, Heinz"]
[Result "1-0"]
[WhiteElo "2113"]
[BlackElo "1982"]
[PlyCount "43"]
[EventDate "2013.12.13"]
[EventType "tourn (corr)"]
[EventRounds "4"]
[EventCountry "GER"]
[SourceTitle "Corr 2015"]
[Source "ChessBase"]
[SourceDate "2015.07.17"]
[SourceVersion "1"]
[SourceVersionDate "2015.07.17"]
[SourceQuality "1"]

1. e4 e5 2. d4 Nc6 3. d5 Nce7 4. Nc3 Ng6 5. Nf3 Nf6 6. h4 h5 7. Bg5 Bb4 8. Qd3 0-0 9. Be2 Nf4 10. Bxf4 exf4 11. e5 Ng4 12. Ng5 g6 13. Bxg4 hxg4 14. 0-0-0 Kg7 15. e6 dxe6 16. Qd4+ f6 17. Qxb4 fxg5 18. dxe6 Qf6 19. hxg5 Qxg5 20. Ne4 Qf5 21. Qe7+ Rf7 22. Rh7+ 1-0

[Event "GER Liga Q Server-23 email"]
[Site "GER email"]
[Date "2013.11.11"]
[Round "?"]
[White "Harf, Heinz"]
[Black "Vinken, Stefanie"]
[Result "1-0"]
[WhiteElo "1982"]
[BlackElo "1487"]
[PlyCount "49"]
[EventDate "2013.11.18"]
[EventType "tourn (corr)"]
[EventRounds "6"]
[EventCountry "GER"]
[SourceTitle "Corr 2015"]
[Source "ChessBase"]
[SourceDate "2015.07.17"]
[SourceVersion "1"]
[SourceVersionDate "2015.07.17"]
[SourceQuality "1"]

1. d4 d5 2. c4 e6 3. Nf3 Nf6 4. Nc3 Be7 5. Bg5 0-0 6. e3 h6 7. Bh4 c6 8. Bd3 dxc4 9. Bxc4 Nbd7 10. 0-0 Nd5 11. Bg3 Bb4 12. Qc2 N7b6 13. Be2 Re8 14. Ne4 Be7 15. a3 f5 16. Nc5 g5 17. Ne5 Bd6 18. e4 Ne7 19. f4 Bxe5 20. dxe5 fxe4 21. Nxe4 Nd7 22. fxg5 hxg5 23. Rad1 Nd5 24. Nf6+ N5xf6 25. Qg6+ 1-0

[Event "GER AK-1841 email"]
[Site "GER email"]
[Date "2013.10.11"]
[Round "?"]
[White "Denker, Hans Peter"]
[Black "Harf, Heinz"]
[Result "1-0"]
[WhiteElo "1307"]
[BlackElo "1982"]
[PlyCount "47"]
[EventDate "2013.10.21"]
[EventType "tourn (corr)"]
[EventRounds "6"]
[EventCountry "GER"]
[SourceTitle "Corr 2015"]
[Source "ChessBase"]
[SourceDate "2015.07.17"]
[SourceVersion "1"]
[SourceVersionDate "2015.07.17"]
[SourceQuality "1"]

1. e4 c5 2. f4 e6 3. Nf3 Nc6 4. d4 cxd4 5. Nxd4 Qb6 6. Nxc6 bxc6 7. Qd3 Bc5 8. Qg3 Bd4 9. c3 Bf2+ 10. Qxf2 Qxf2+ 11. Kxf2 Nf6 12. e5 Nd5 13. b3 0-0 14. Bc4 f6 15. Bxd5 cxd5 16. Ba3 Rf7 17. Bd6 Ba6 18. Nd2 Rd8 19. Ke3 Bb7 20. Rhg1 f5 21. g4 g6 22. Nf3 h6 23. gxf5 exf5 24. Rxg6+ 1-0

[Event "GER AK-1841 email"]
[Site "GER email"]
[Date "2013.10.11"]
[Round "?"]
[White "Harf, Heinz"]
[Black "Halfmeier, Hartmut"]
[Result "0-1"]
[WhiteElo "1982"]
[BlackElo "1663"]
[PlyCount "86"]
[EventDate "2013.10.21"]
[EventType "tourn (corr)"]
[EventRounds "6"]
[EventCountry "GER"]
[SourceTitle "Corr 2015"]
[Source "ChessBase"]
[SourceDate "2015.07.17"]
[SourceVersion "1"]
[SourceVersionDate "2015.07.17"]
[SourceQuality "1"]

1. d4 d5 2. Nf3 Nc6 3. c4 Bg4 4. Nc3 e6 5. cxd5 exd5 6. Bf4 Bd6 7. Bg3 Nge7 8. e3 0-0 9. Be2 a6 10. Bxd6 Qxd6 11. 0-0 Bf5 12. Bd3 Qg6 13. Nh4 Qg5 14. Nxf5 Nxf5 15. Nxd5 Nfxd4 16. Nxc7 Rac8 17. exd4 Rxc7 18. Be4 Re8 19. f3 Qe3+ 20. Kh1 Qxd4 21. Qe2 g6 22. Qc2 Qe5 23. Qd2 Rd8 24. Qf2 Rcd7 25. Rfe1 Rd2 26. Bxc6 Qxb2 27. Qg3 bxc6 28. Rab1 Qxa2 29. Rb8 Kg7 30. Qe5+ f6 31. Qc7+ R8d7 32. Re7+ Rxe7 33. Qxe7+ Qf7 34. Qxf7+ Kxf7 35. h3 a5 36. Rb7+ Ke6 37. Kg1 a4 38. Ra7 Ra2 39. Rxh7 a3 40. Ra7 c5 41. Kf1 c4 42. Ra5 c3 43. Ke1 Ra1+ 0-1